| 000 | 00760nam a2200289Ia 4500 | ||
|---|---|---|---|
| 008 | 170711s9999 xx 000 0 und d | ||
| 020 | _a71267379 | ||
| 050 | _a610.69 | ||
| 050 | _bD999 2005 | ||
| 100 | _aD'Orazio, Leo Paul | ||
| 245 | _aHealth and medical careers / | ||
| 245 | _cby Leo Paul D'Orazio. | ||
| 260 | _aPhilippines : | ||
| 260 | _bMcGraw Hill, | ||
| 260 | _c2005 | ||
| 300 | _axiii, 153 pages : | ||
| 300 | _billustrations ; | ||
| 300 | _c19cm. | ||
| 500 | _aIncludes appendix and glossary. | ||
| 650 | _aAllied health personnel -- | ||
| 650 | _aHealth occupations. | ||
| 650 | _aMedicine -- | ||
| 650 | _xVocational guidance. | ||
| 650 | _xVocational guidance. | ||
| 700 | _aSnook, I. Donald, Jr. | ||
| 700 | _aTitle. | ||
| 999 |
_c339793 _d339793 |
||